Movies Quiz

Random Movies Quiz

Monty Python's Life of Brian Quiz Stats

 Plays Quiz not verified by Sporcle

Challenge
Share
Tweet
Embed
Score 0/30 Timer 10:00
0 Plays Today
% Correct
Biggus Dickus
83%
People's Front of Judea
60.4%
Judith
28.3%
Pontius Pilate
15.1%
Loretta
11.3%
A very naughty boy
7.5%
Incontinentia Buttocks
5.7%
Romans go home
5.7%
10
3.8%
Naughtius Maximus
3.8%
Splitters!
1.9%
Did anyone get his name?
0%
a wooden spoon
0%
it's symbolic of his struggle against reality
0%
He has a bad back
0%
% Correct
For saying 'Jehovah'
0%
For saying 'Jehovah'
0%
An alien spaceship catches him, goes on a chase, then crashes in the identical spot
0%
Women
0%
18 years
0%
Brian lands on his foot
0%
Follow the shoe
0%
You all
0%
The Jewish section
0%
Line on the left, one cross each
0%
Terry Gilliam
0%
Bignose, big nose
0%
Because they have a hell of a time
0%
There's no pleasing some people
0%
All the gold she can eat
0%

You're not logged in!

Compare scores with friends on all Sporcle quizzes.
OR
Log In

You Might Also Like...

Show Comments

Extras

Created Aug 3, 2010ReportNominate

Top Quizzes Today


Score Distribution

Your Account Isn't Verified!

In order to create a playlist on Sporcle, you need to verify the email address you used during registration. Go to your Sporcle Settings to finish the process.

Report this User

Report this user for behavior that violates our Community Guidelines.

Details: